Rodová problematika v sociálnej práci s rodinou

Analýza základných východísk rodovej problematiky v sociálnej práci a priblíženie oblastí, ktoré sú vo vzťahu k tejto téme pri práci s rodinou kľúčové. Čo znamená rodovo citlivý prístup v sociálnej práci s rodinou, respektíve čo znamená integrovať rodový pohľad do praxe sociálnej práce. Text je zame...

Ausführliche Beschreibung

Gespeichert in:
Bibliographische Detailangaben
1. Verfasser: Brozmanová Gregorová, Alžbeta
Weitere Verfasser: Šolcová, Jana
Format: Buchkapitel
Sprache:Slowakisch
Schlagworte:
Tags: Tag hinzufügen
Keine Tags, Fügen Sie das erste Tag hinzu!

MARC

LEADER 00000nla a2200000 4500
001 0192490
005 20240417075048.7
041 0 |a slo 
044 |a SK 
245 1 0 |a Rodová problematika v sociálnej práci s rodinou  |c Alžbeta Brozmanová Gregorová, Jana Šolcová 
520 |a Analýza základných východísk rodovej problematiky v sociálnej práci a priblíženie oblastí, ktoré sú vo vzťahu k tejto téme pri práci s rodinou kľúčové. Čo znamená rodovo citlivý prístup v sociálnej práci s rodinou, respektíve čo znamená integrovať rodový pohľad do praxe sociálnej práce. Text je zameraný skôr na teoretickú analýzu. Význam poznania rodových stereotypov. 
610 2 0 |a rodina 
610 2 0 |a práca sociálna 
610 2 0 |a vzťahy genderové 
100 1 |a Brozmanová Gregorová, Alžbeta 
700 1 |a Šolcová, Jana